Quizzes
Events
Quiz Creation
Community
Videos
Private Events
Remove Ads
Sign In
Join for FREE
Feedback
Dark Mode
Quiz Categories
Sports
Geography
Music
Movies
Television
Just For Fun
Miscellaneous
History
Literature
Language
Science
Gaming
Entertainment
Religion
Holiday
For Kids
Quiz Lab
Recent
Popular Today
Quiz Kudos Today
Editor Picks
Curator Picks
Quizzes by...
Day
Popularity
Type
Ratings
Length
Year
Community
Subscriptions
Recent Discussions
Orange Saloon
Badges
Playlists
Quests
Create
Leaderboards
Showdown
Live 5
Trivia Bingo
Activity
Puzzle Library
Sporcle Events
Private Events
Virtual Trivia
Globe League
Become a Host
Pub Owners
SporcleCon
Opinionation
Our Games
Videos
Blog
Mobile Apps
Partnerships
Remove Ads and Go Orange
Feedback
Sports
Athletes
MLB
NBA
NHL
NFL
Soccer
Sports Teams
WWE
NCAA
Football
Premier League
Basketball
Baseball
Hockey
Golf
Tennis
Cricket
Rugby
Auto Racing
Olympics
World Cup
Sports
Athletes
MLB
NBA
NHL
NFL
Soccer
Sports Teams
WWE
NCAA
Football
Premier League
Basketball
Baseball
Hockey
Golf
Tennis
Cricket
Rugby
Auto Racing
Olympics
World Cup
Random Quiz
Search Sporcle
×
Quiz Lab
Quiz Lab
Sports
Play
Type in answers that appear in a list
Type in answers that appear in a list
Classic
Best Score? Go Orange.
Sudamerican players L1 Stats
Can you name every sudamerican player to play in L1?
By
andrealaperna
10m
36 Questions
10 Plays
10 Plays
10 Plays
Comments
Comments
Give Quiz Kudos
Give Quiz Kudos
-
- Ratings
hide this ad
Replay
Link that replays current quiz
Next Quiz
Link to next quiz in quiz playlist
You Got
0%
They Got
Avg Score
60%
Avg Friend Score
Upgrade to see
Score Distribution
Jump to the score distribution portion of the page
Score
0/36
Timer
10:00
0
Plays Today
Club
Answer
% Correct
Paris
Marquinhos
100%
Paris
Thiago Silva
100%
Lyon
Rafael
88.9%
Paris
Sherrer Maxwell
88.9%
Paris
Lucas
88.9%
Paris
Edinson Cavani
88.9%
Bordeaux
Diego Rolan
77.8%
Monaco
Jemerson
77.8%
Monaco
Radamel Falcao
77.8%
Paris
Angel Di Maria
77.8%
Monaco
Fabinho
66.7%
Montpellier
Hilton
66.7%
Nice
Dante
66.7%
Paris
Javier Pastore
66.7%
Bordeaux
Malcom
66.7%
Bordeaux
Valentin Vada
55.6%
Lyon
Emanuel Mammana
55.6%
Marseille
Doria
55.6%
Club
Answer
% Correct
Nantes
Emiliano Sala
55.6%
Nice
Walter Benitez
55.6%
Bordeaux
Mauro Arambarri
44.4%
Guingamp
Fernando Marçal
44.4%
Monaco
Boschilia
44.4%
Monaco
Guido Carrillo
44.4%
Nantes
Lucas Lima
44.4%
Nantes
Oswaldo Vizcarrondo
44.4%
Nice
Dalbert
44.4%
Paris
Giovani Lo Celso
44.4%
Metz
Guido Milan
33.3%
Nancy
Erick Cabaco
33.3%
Toulouse
Oscar Trejo
33.3%
Toulouse
Somalia
33.3%
Nantes
Diego Carlos
33.3%
Nantes
Fernando Aristeguieta
22.2%
Nantes
Felipe Pardo
11.1%
Toulouse
Mauro Goicoechea
11.1%
Quiz Playlist
Details
Report
Send in Message
Add To Playlist
Classic:
Type in answers that appear in a list
Last Updated: Feb 16, 2017
Quiz Scoreboard
CHALLENGE
Sign Up to Join the Scoreboard
Show All
Scores
Hide
Comments
May contain spoilers
Recently Published
An Introduction to Baseball
by treessimontrees
Sports
5m
Movies - When Are They Set?
by FPL_Elf
Movies
5m
Popular People in 1961
by mucciniale
History
6m
More to Explore
Quiz From the Vault
Featured Blog Post
Where Did the Easter Bunny Come From?
hide this ad
You Might Also Like...
Tags
Play Quiz
club
Player
Today's Top Quizzes in Sports
Browse Sports
hide this ad
Today's Top Quizzes in Play
Browse Play
Top Contributed Quizzes in Sports
1
Les meilleurs buteurs des matchs entre le PSG et l’OM
2
2022 World Cup Stars
3
FIFA Club World Cup Champions
4
Les entraîneurs de l'OM et du PSG au 21e siècle
5
Name the Premier League winners with different clubs
6
La finale Lions - Afrique du Sud 2021
7
Les joueurs passés par le LOSC et le RC Lens
8
Criteria MLB: Left Handed Sluggers
9
Players with Multiple 50 Home Run Seasons
10
5-to-1: UK Sports Teams
Explore More
Trending Topics
Crossword
Marvel
NBA
Kpop
Disney
Anime
Harry Potter
Country
Soccer
Pokémon
NFL
Puzzle
Song
WWE
The Office
hide this ad
More By:
andrealaperna
Quiz
Plays
Rating
Category
Featured
Created
Le Mans en Ligue 1
138
Sports
Jan 18, 2017
Best scorer per club in L1
115
1.00
Sports
Jan 26, 2017
Best scorer in Ligue 2
102
Sports
Jan 26, 2017
Big 5 Top Goalscorers (2010-2016)
91
1.00
Sports
Jan 20, 2017
Plus de ballons touchés
91
Sports
Mar 3, 2017
Go to Creator's Profile
Score Distribution
Quiz Creator Spotlight
andrealaperna
Follow
Send a Message
Quizzes Created
-
Created Quiz Play Count
-
More By This Creator
Popular Quizzes Today
1
Find the Countries of Europe - No Outlines Minefield
2
Find the US States - No Outlines Minefield
3
The Countries of the World
4
Popular People in 1961
5
US States
6
Find the US States
7
1-10 Letter E Words III
8
Risky Map Clicking: Biggest States A-Z
More Sports Quizzes
Summer Olympics Cities by Logo
Editor's Pick
Trending Quizzes
Risky Map Clicking: Least Populous States A-Z
1-10 Letter F Words
1-10 Letter G Words
One Thing in Common: United Kingdom
Not Quite an Element Typing Challenge
Recently Updated
Leaping Animals
pecheneg
Reality TV Shows (A-Z)
bhenderson79
Rickey Henderson's Hall of Fame Teammates
pecheneg
Champions League XIs: Arsenal
pecheneg
Quick Pick: Celebrities in WWE's Hall of Fame
aduchscher
A-Z Keypad Blitz II
pecheneg
Multiple Oscar Actors
pecheneg
Mystery Phrase Blitz: Oscar 'Best Actors'
pecheneg
F. Scott Fitzgerald Novels
LTH
Pick 3 Villains
ddd62291
Trending Topics
Kpop
NBA
Anime
Crossword
Harry Potter
Marvel
Disney
Pokémon
NFL
The Office
Country
Soccer
Puzzle
WWE
Song
Your Account Isn't Verified!
In order to create a playlist on Sporcle, you need to verify the email address you used during registration. Go to your
Sporcle Settings
to finish the process.
Report this User
Report this user for behavior that violates our
Community Guidelines
.
Details:
Send Report
Go to the Sporcle.com Mobile Site →
Comments